[Event "Khanty-Mansiysk Governor Cup-B 8th"]
[Site "Khanty-Mansiysk"]
[Date "2012.11.17"]
[Round "3"]
[White "Saveliev, Alexey"]
[Black "Lipatov, Vladislav"]
[Result "1-0"]
[WhiteElo "2129"]
[BlackElo "1802"]
[PlyCount "119"]
[EventDate "2012.11.15"]
[EventType "swiss"]
[EventRounds "9"]
[EventCountry "RUS"]
[SourceTitle "CBM 151 Extra"]
[Source "ChessBase"]
[SourceDate "2012.12.18"]
[SourceVersion "1"]
[SourceVersionDate "2012.12.18"]
[SourceQuality "1"]

1. d4 Nf6 2. Nf3 d5 3. Bf4 c5 4. e3 Nc6 5. c3 Qb6 6. Qc2 g6 7. b3 cxd4 8. exd4 Bf5 9. Bd3 Bxd3 10. Qxd3 Bg7 11. h4 0-0 12. Nbd2 Rfe8 13. Ne5 Nxe5 14. Bxe5 Nd7 15. Bxg7 Kxg7 16. h5 e5 17. hxg6 exd4+ 18. Kd1 Qxg6 19. Qxd4+ Nf6 20. Rh3 Qg4+ 21. Qxg4+ Nxg4 22. Rg3 f5 23. f3 Re3 24. Nf1 Rxc3 25. fxg4 Rxg3 26. Nxg3 fxg4 27. Rc1 Rf8 28. Ke2 Rf7 29. Rf1 Rc7 30. Kd3 Kg6 31. Rf8 Kg5 32. Rd8 Kf4 33. Ne2+ Ke5 34. Rg8 Kf5 35. Nd4+ Kf6 36. Rxg4 Rc1 37. Rg8 Rd1+ 38. Kc3 Rc1+ 39. Kb4 Ke5 40. Nf3+ Ke4 41. Re8+ Kf4 42. Re7 Rc2 43. Rxh7 Rxg2 44. Nd4 Rxa2 45. Rxb7 a5+ 46. Kc5 a4 47. b4 a3 48. Kxd5 Ke3 49. Rc7 Rb2 50. Rc3+ Kd2 51. Kc4 a2 52. Ra3 Kc1 53. Nb3+ Kc2 54. b5 Kb1 55. b6 Rh2 56. b7 Rh4+ 57. Kb5 Rh5+ 58. Kb6 Rh6+ 59. Ka7 Rh7 60. Ra6 1-0

[Event "Khanty-Mansiysk Governor Cup-B 8th"]
[Site "Khanty-Mansiysk"]
[Date "2012.11.16"]
[Round "2"]
[White "Demianjuk, Alexander"]
[Black "Saveliev, Alexey"]
[Result "1-0"]
[WhiteElo "2342"]
[BlackElo "2129"]
[PlyCount "57"]
[EventDate "2012.11.15"]
[EventType "swiss"]
[EventRounds "9"]
[EventCountry "RUS"]
[SourceTitle "CBM 151 Extra"]
[Source "ChessBase"]
[SourceDate "2012.12.18"]
[SourceVersion "1"]
[SourceVersionDate "2012.12.18"]
[SourceQuality "1"]

1. d4 d5 2. c4 c6 3. Nf3 Nf6 4. Nc3 e6 5. Bg5 Be7 6. e3 Nbd7 7. cxd5 exd5 8. Bd3 Ne4 9. Bxe7 Qxe7 10. Bxe4 dxe4 11. Nd2 f5 12. 0-0 Nf6 13. Rc1 Be6 14. Na4 0-0 15. Nc5 Kh8 16. Nxe6 Qxe6 17. Qb3 Qe7 18. Nb1 Nd5 19. Nc3 Nb4 20. Rcd1 f4 21. exf4 Rxf4 22. Rfe1 Raf8 23. f3 Rxf3 24. gxf3 Qg5+ 25. Kh1 exf3 26. Rg1 Qf4 27. Rdf1 f2 28. Rg2 Nd3 29. Qxb7 1-0

[Event "Khanty-Mansiysk Governor Cup 6th"]
[Site "Khanty-Mansiysk"]
[Date "2010.09.25"]
[Round "9"]
[White "Saveliev, Alexey"]
[Black "Demianjuk, Alexander"]
[Result "0-1"]
[WhiteElo "2129"]
[BlackElo "2328"]
[PlyCount "112"]
[EventDate "2010.09.17"]
[EventType "swiss"]
[EventRounds "10"]
[EventCountry "RUS"]
[SourceTitle "CBM 138 Extra"]
[Source "ChessBase"]
[SourceDate "2010.10.29"]
[SourceVersion "1"]
[SourceVersionDate "2010.10.29"]
[SourceQuality "1"]

1. d4 Nf6 2. Nf3 d5 3. Bf4 c5 4. c3 Nc6 5. e3 Qb6 6. Qc2 Bg4 7. Nbd2 e6 8. Bd3 Be7 9. h3 Bh5 10. 0-0 0-0 11. g4 Bg6 12. Ne5 Nxe5 13. Bxe5 Bxd3 14. Qxd3 Nd7 15. Rab1 Nxe5 16. dxe5 f6 17. exf6 Bxf6 18. f4 c4 19. Qe2 e5 20. fxe5 Bxe5 21. Nf3 Bf4 22. Nd4 Bg5 23. Rf3 Rfe8 24. Rbf1 h6 25. Kg2 Qg6 26. Qc2 Re4 27. Qa4 Bxe3 28. Qd7 Bxd4 29. Qxd5+ Qe6 30. Qxb7 Re2+ 31. R1f2 Rxf2+ 32. Rxf2 Rd8 33. cxd4 Rxd4 34. Qxa7 Qe4+ 35. Kh2 Qe5+ 36. Kg2 Qd5+ 37. Kh2 Rd1 38. Qb8+ Kh7 39. Rg2 Qe4 40. Qg3 Rd3 41. Qf2 Qe5+ 42. Rg3 Rxg3 43. Qxg3 Qxb2+ 44. Kg1 Qb1+ 45. Kf2 Qxa2+ 46. Ke1 Qb1+ 47. Kf2 Qa2+ 48. Ke1 Qb1+ 49. Ke2 Qc2+ 50. Ke1 Qd3 51. Qxd3+ cxd3 52. Kd2 Kg6 53. h4 h5 54. Kxd3 hxg4 55. Ke3 Kh5 56. Kf2 Kxh4 0-1

[Event "Khanty-Mansiysk Governor Cup 6th"]
[Site "Khanty-Mansiysk"]
[Date "2010.09.24"]
[Round "8"]
[White "Barbarosh, Evgeny"]
[Black "Saveliev, Alexey"]
[Result "0-1"]
[WhiteElo "2071"]
[BlackElo "2129"]
[PlyCount "110"]
[EventDate "2010.09.17"]
[EventType "swiss"]
[EventRounds "10"]
[EventCountry "RUS"]
[SourceTitle "CBM 138 Extra"]
[Source "ChessBase"]
[SourceDate "2010.10.29"]
[SourceVersion "1"]
[SourceVersionDate "2010.10.29"]
[SourceQuality "1"]

1. e4 d6 2. d4 g6 3. Nc3 Bg7 4. Nf3 Nd7 5. Bc4 Nb6 6. Bb3 Nf6 7. 0-0 0-0 8. h3 e6 9. Be3 Kh8 10. Qd2 Bd7 11. Bg5 Qe8 12. Rfe1 Ng8 13. Rad1 Na4 14. Nxa4 Bxa4 15. Bxa4 Qxa4 16. b3 Qd7 17. c4 h6 18. Be3 Kh7 19. e5 d5 20. Nh2 Rae8 21. Rc1 c6 22. a4 f6 23. exf6 Nxf6 24. f3 a6 25. c5 e5 26. dxe5 Rxe5 27. Bd4 Rxe1+ 28. Rxe1 Re8 29. Rf1 Re6 30. Rf2 Qe7 31. Nf1 Nh5 32. g4 Bxd4 33. Qxd4 Nf6 34. Ng3 Nd7 35. b4 Re1+ 36. Kg2 Qe3 37. Qxe3 Rxe3 38. Nf1 Re1 39. Rd2 Kg7 40. Kf2 Rb1 41. Rd4 a5 42. bxa5 Nxc5 43. Nd2 Ra1 44. Ke3 Ra3+ 45. Ke2 Rxa4 46. Rxa4 Nxa4 47. Nb3 Kf6 48. f4 c5 49. Kd2 Ke6 50. Kc2 d4 51. Kd3 Kd5 52. Nd2 c4+ 53. Kc2 d3+ 54. Kc1 c3 55. Nf3 Ke4 0-1

[Event "Khanty-Mansiysk Governor Cup 6th"]
[Site "Khanty-Mansiysk"]
[Date "2010.09.21"]
[Round "5"]
[White "Saveliev, Alexey"]
[Black "Mezhevov, Valentin"]
[Result "1/2-1/2"]
[WhiteElo "2129"]
[BlackElo "1994"]
[PlyCount "55"]
[EventDate "2010.09.17"]
[EventType "swiss"]
[EventRounds "10"]
[EventCountry "RUS"]
[SourceTitle "CBM 138 Extra"]
[Source "ChessBase"]
[SourceDate "2010.10.29"]
[SourceVersion "1"]
[SourceVersionDate "2010.10.29"]
[SourceQuality "1"]

1. d4 Nf6 2. Nf3 d6 3. Bf4 g6 4. Qc1 Bg7 5. Bh6 0-0 6. Nc3 Nc6 7. e4 e5 8. d5 Ne7 9. Be2 c6 10. dxc6 bxc6 11. Qg5 Ne8 12. Bxg7 Kxg7 13. 0-0-0 Rb8 14. Qxe5+ f6 15. Qd4 Qa5 16. Bc4 Bg4 17. h3 Bxf3 18. gxf3 Qb6 19. Qxb6 axb6 20. f4 f5 21. e5 d5 22. Be2 Nc7 23. Bf3 Ne6 24. Ne2 Ra8 25. a3 Ra4 26. Kb1 Nxf4 27. Rd4 Rxd4 28. Nxd4 1/2-1/2

[Event "Khanty-Mansiysk Governor Cup 6th"]
[Site "Khanty-Mansiysk"]
[Date "2010.09.19"]
[Round "3"]
[White "Saveliev, Alexey"]
[Black "Yuzhakov, Oleg"]
[Result "0-1"]
[WhiteElo "2129"]
[BlackElo "2363"]
[PlyCount "52"]
[EventDate "2010.09.17"]
[EventType "swiss"]
[EventRounds "10"]
[EventCountry "RUS"]
[SourceTitle "CBM 138 Extra"]
[Source "ChessBase"]
[SourceDate "2010.10.29"]
[SourceVersion "1"]
[SourceVersionDate "2010.10.29"]
[SourceQuality "1"]

1. d4 Nf6 2. Nf3 e6 3. Bf4 c5 4. e3 d5 5. c3 Nc6 6. Bd3 Bd6 7. Ne5 Qc7 8. Nxc6 bxc6 9. Bxd6 Qxd6 10. Nd2 0-0 11. Nf3 cxd4 12. cxd4 c5 13. dxc5 Qxc5 14. Ne5 Rb8 15. Rb1 Qc7 16. f4 Qb6 17. Kf2 Ba6 18. g4 Rfc8 19. g5 Bxd3 20. Qxd3 Ne4+ 21. Ke2 Rc7 22. Rhc1 Qxb2+ 23. Rxb2 Rxb2+ 24. Kf3 h5 25. gxh6 f5 26. Rg1 Rf2# 0-1

[Event "Khanty-Mansiysk Governor Cup-B 5th"]
[Site "Khanty-Mansiysk"]
[Date "2009.11.29"]
[Round "6"]
[White "Saveliev, Alexey"]
[Black "Samartsev, Alexander"]
[Result "1-0"]
[WhiteElo "2025"]
[BlackElo "2334"]
[PlyCount "79"]
[EventDate "2009.11.24"]
[EventType "swiss"]
[EventRounds "11"]
[EventCountry "RUS"]
[SourceTitle "EXT 2011"]
[Source "ChessBase"]
[SourceDate "2010.11.26"]
[SourceVersion "1"]
[SourceVersionDate "2010.11.26"]
[SourceQuality "1"]

1. d4 d5 2. Nf3 Nf6 3. Bf4 c5 4. c3 e6 5. e3 Bd6 6. Ne5 0-0 7. g4 Qb6 8. Qc2 cxd4 9. exd4 Bxe5 10. dxe5 Ne4 11. Bd3 f6 12. Be3 Qc7 13. Bxe4 dxe4 14. Qxe4 Qxe5 15. Qxe5 fxe5 16. Nd2 Bd7 17. 0-0-0 Bc6 18. Rhg1 Nd7 19. Nc4 Bd5 20. b3 b6 21. Kb2 Bxc4 22. Rxd7 Be2 23. Rd6 Rfe8 24. Bg5 e4 25. h3 h6 26. Be3 Rad8 27. Rc6 Rc8 28. Rxc8 Rxc8 29. a4 Rc7 30. a5 b5 31. g5 hxg5 32. Rxg5 Bd3 33. Bd4 a6 34. h4 Kf8 35. Ka3 g6 36. Rxg6 e3 37. Rf6+ Ke7 38. fxe3 Kd6 39. Rf8 e5 40. Bb6 1-0

[Event "Khanty-Mansiysk Governor Cup-B 4th"]
[Site "Khanty-Mansiysk"]
[Date "2008.10.21"]
[Round "9"]
[White "Saveliev, Alexey"]
[Black "Mamedov, Kamran"]
[Result "0-1"]
[WhiteElo "2026"]
[BlackElo "2240"]
[PlyCount "110"]
[EventDate "2008.10.15"]
[EventType "swiss"]
[EventRounds "11"]
[EventCountry "RUS"]
[SourceTitle "EXT 2022"]
[Source "ChessBase"]
[SourceDate "2021.10.06"]
[SourceVersion "1"]
[SourceVersionDate "2021.10.06"]
[SourceQuality "1"]

1. d4 d5 2. Nf3 Nf6 3. Bf4 Bf5 4. e3 e6 5. Bd3 Bxd3 6. Qxd3 Nbd7 7. Nbd2 Be7 8. 0-0 Nh5 9. Bg3 Nxg3 10. hxg3 0-0 11. e4 c6 12. c3 Qc7 13. Nh2 dxe4 14. Nxe4 f5 15. Nd2 e5 16. dxe5 Nxe5 17. Qc2 Bc5 18. Ndf3 Nxf3+ 19. Nxf3 Rad8 20. Qb3+ Qf7 21. Rad1 Qxb3 22. axb3 h6 23. Rfe1 Rfe8 24. Kf1 Rxd1 25. Rxd1 Kf7 26. b4 Bb6 27. c4 Rd8 28. Ne5+ Ke6 29. Re1 Kf6 30. f4 Bc7 31. Ra1 a6 32. b5 axb5 33. cxb5 Bxe5 34. fxe5+ Kxe5 35. Ra7 Rb8 36. bxc6 bxc6 37. Rxg7 Rxb2 38. Rg6 c5 39. Rxh6 c4 40. Rc6 Kd4 41. Rd6+ Ke3 42. Re6+ Kd3 43. Rd6+ Kc2 44. Kf2 Kc1+ 45. Kf3 c3 46. Rc6 c2 47. Kf4 Rb5 48. g4 fxg4 49. Kxg4 Kb1 50. Kh4 c1Q 51. Rxc1+ Kxc1 52. g4 Kd2 53. g5 Ke3 54. g6 Kf4 55. g7 Rb8 0-1

[Event "Khanty-Mansiysk Governor Cup-B 4th"]
[Site "Khanty-Mansiysk"]
[Date "2008.10.20"]
[Round "8"]
[White "Medvedev, Anton"]
[Black "Saveliev, Alexey"]
[Result "1-0"]
[WhiteElo "2093"]
[BlackElo "2026"]
[PlyCount "59"]
[EventDate "2008.10.15"]
[EventType "swiss"]
[EventRounds "11"]
[EventCountry "RUS"]
[SourceTitle "EXT 2022"]
[Source "ChessBase"]
[SourceDate "2021.10.06"]
[SourceVersion "1"]
[SourceVersionDate "2021.10.06"]
[SourceQuality "1"]

1. e4 d6 2. d4 c6 3. f4 g6 4. Nf3 Bg7 5. Be2 Nf6 6. Nc3 Nbd7 7. 0-0 0-0 8. e5 Ne8 9. Qe1 c5 10. e6 fxe6 11. Bc4 Nc7 12. Bxe6+ Nxe6 13. Qxe6+ Kh8 14. dxc5 Nxc5 15. Qe1 Bf5 16. Be3 Bxc2 17. b4 Nd3 18. Qd2 Rc8 19. Nd4 Bxd4 20. Bxd4+ e5 21. Be3 Qc7 22. fxe5 Rxf1+ 23. Rxf1 Nxe5 24. Qxc2 Qxc3 25. Qxc3 Rxc3 26. Bd2 Rc2 27. Rf8+ Kg7 28. Rf2 Rxa2 29. Bh6+ Kxh6 30. Rxa2 1-0

[Event "Khanty-Mansiysk Governor Cup-B 4th"]
[Site "Khanty-Mansiysk"]
[Date "2008.10.19"]
[Round "6"]
[White "Sharafutdinov, Ayrat"]
[Black "Saveliev, Alexey"]
[Result "1-0"]
[WhiteElo "2149"]
[BlackElo "2026"]
[PlyCount "120"]
[EventDate "2008.10.15"]
[EventType "swiss"]
[EventRounds "11"]
[EventCountry "RUS"]
[SourceTitle "EXT 2022"]
[Source "ChessBase"]
[SourceDate "2021.10.06"]
[SourceVersion "1"]
[SourceVersionDate "2021.10.06"]
[SourceQuality "1"]

1. Nf3 d6 2. d4 c6 3. g3 Nf6 4. Bg2 Nbd7 5. 0-0 g6 6. c4 Bg7 7. Nc3 0-0 8. h3 Qc7 9. e4 e5 10. Be3 Nh5 11. Rc1 Nb6 12. b3 h6 13. c5 dxc5 14. dxe5 Bxe5 15. Nxe5 Qxe5 16. Bxh6 Re8 17. Ne2 f5 18. Nf4 Kh7 19. Nd3 Qe7 20. Be3 c4 21. bxc4 fxe4 22. Nc5 Nf6 23. Re1 Nbd7 24. Nxe4 Nxe4 25. Bxe4 Nf6 26. Bg5 Qf7 27. Bxf6 Qxf6 28. Rb1 b6 29. c5 Re5 30. Qd6 Re6 31. Qc7+ Kh6 32. h4 Ba6 33. Rbd1 Rf8 34. Rd2 Qc3 35. Qd7 Rfe8 36. f3 Qxc5+ 37. Kh2 Qe7 38. Qd4 c5 39. Qe3+ Kg7 40. Red1 Bb5 41. Qb3 Rxe4 42. fxe4 Bc6 43. Qc3+ Kh7 44. Qe3 Qxe4 45. Qxe4 Rxe4 46. Rf2 Re7 47. Rd6 Ba8 48. Rf8 Bb7 49. Rdd8 Re2+ 50. Kg1 Re7 51. Rh8+ Kg7 52. Rdg8+ Kf7 53. Rh7+ Kxg8 54. Rxe7 Bd5 55. Rxa7 b5 56. Kf2 b4 57. Ke3 b3 58. axb3 Bxb3 59. Rc7 Be6 60. Rxc5 Kg7 1-0

[Event "Khanty-Mansiysk Governor Cup-B 4th"]
[Site "Khanty-Mansiysk"]
[Date "2008.10.18"]
[Round "5"]
[White "Saveliev, Alexey"]
[Black "Stavskaya, Olga"]
[Result "0-1"]
[WhiteElo "2026"]
[BlackElo "2081"]
[PlyCount "64"]
[EventDate "2008.10.15"]
[EventType "swiss"]
[EventRounds "11"]
[EventCountry "RUS"]
[SourceTitle "EXT 2022"]
[Source "ChessBase"]
[SourceDate "2021.10.06"]
[SourceVersion "1"]
[SourceVersionDate "2021.10.06"]
[SourceQuality "1"]

1. d4 Nf6 2. Nf3 b6 3. Bf4 Bb7 4. e3 e6 5. Bd3 Be7 6. Nbd2 c5 7. c3 0-0 8. Qc2 Nc6 9. Ne4 Nxe4 10. Bxe4 f5 11. Bd3 Rc8 12. d5 Na5 13. c4 Qe8 14. dxe6 dxe6 15. 0-0-0 b5 16. Kb1 bxc4 17. Bxc4 Nxc4 18. Qxc4 Bd5 19. Qc3 Qa4 20. b3 Qa3 21. Qb2 Qb4 22. Nd2 Bf6 23. Be5 Bxe5 24. Qxe5 a5 25. Nf3 h6 26. h4 a4 27. Rxd5 exd5 28. Qxd5+ Kh8 29. Ng5 axb3 30. Nf7+ Rxf7 31. Qxf7 bxa2+ 32. Kc2 Rd8 0-1

[Event "Khanty-Mansiysk Governor Cup-B 4th"]
[Site "Khanty-Mansiysk"]
[Date "2008.10.17"]
[Round "4"]
[White "Yakupova, Aysyla"]
[Black "Saveliev, Alexey"]
[Result "0-1"]
[WhiteElo "2022"]
[BlackElo "2026"]
[PlyCount "59"]
[EventDate "2008.10.15"]
[EventType "swiss"]
[EventRounds "11"]
[EventCountry "RUS"]
[SourceTitle "EXT 2022"]
[Source "ChessBase"]
[SourceDate "2021.10.06"]
[SourceVersion "1"]
[SourceVersionDate "2021.10.06"]
[SourceQuality "1"]

1. e4 d6 2. d4 c6 3. Nf3 Nf6 4. Nc3 g6 5. Be3 Bg7 6. h3 Qc7 7. Qd2 h6 8. Bd3 Nbd7 9. a4 e5 10. dxe5 dxe5 11. Bc4 g5 12. a5 0-0 13. h4 g4 14. Nh2 Kh7 15. 0-0 b5 16. axb6 Nxb6 17. Qe2 Nxc4 18. Qxc4 Be6 19. Qc5 a5 20. Qb6 Qxb6 21. Bxb6 Rfb8 22. Bc7 Rxb2 23. Bxe5 Rxc2 24. Rfc1 Rxc1+ 25. Rxc1 a4 26. Ra1 a3 27. Nf1 Kg6 28. Ne3 Bf8 29. Nc2 Nd7 30. Bd4 0-1